Normal view
MARC view
- Qāsmī, ʻAt̤āʻulḥaq
Entry Personal Name
001 - CONTROL NUMBER
- control field: 3319
003 - CONTROL NUMBER IDENTIFIER
- control field: NUST
005 - DATE AND TIME OF LATEST TRANSACTION
- control field: 20170717154532.0
008 - FIXED-LENGTH DATA ELEMENTS
- fixed length control field: 170717|| aca||aabn | a|a d
040 ## - CATALOGING SOURCE
- Original cataloging agency: NUST
- Transcribing agency: NUST
100 ## - HEADING--PERSONAL NAME
- Personal name: Qāsmī, ʻAt̤āʻulḥaq
- General subdivision: Travel
- Geographic subdivision: India.
670 ## - SOURCE DATA FOUND
- Source citation: Work cat.: (NUST)0: 880-01 Qāsmī, ʻAt̤āʻulḥaq. 1461, Dillī dūr ast /, 2010.
